=LDR 00000nam 2200000 4500 =001 INLIS000000000014858 =005 20130612110135 =008 ***********************************Ind** =035 ##$$0010-061300000014858 =041 ##$$a Ind =082 ##$$a 681.634 =090 ##$$a 681.634, hay t =100 ##$$a Hayati, Marlinda =245 ##$$a Terampil Membuat Ekstrak temu-temuan, Marlinda Hayati =260 ##$$a 2003 $b Yogyakarta =300 ##$$a xii, 63 hlm, Ilus, 20 cm =650 ##$$a Tanaman Obat =850 ##$$a NBPNMAT